00831nam a2200217 a 4500001001000000003000400010005001700014008004100031040002500072082002600097100002900123245006500152250002400217260004100241300002100282500011000303600003000413600005200443651006100495651005700556000029947OSt20260321073642.0090723s1971 dr 000 0 spa d aDO-SdBNPbspacBNPHU a320.97293bE77t, 19711 aEspinal, Andrés Julio,10aTrujillo, Bosch y yo y el desafio /cAndrés Julio Espinal. a2a ed. corr. y aum. aSanto Domingo :bArte y Cine,c1971. a308 p. ;c18 cm. aPublicaciones del Frente Nacional Mantenedor de la Democracia Representativa en la República Dominicana10a Bosch, Juan, d1909-200110aTrujillo Molina, Rafael Leónidas,d 1891-1961 4aRepública DominicanaxPolítica y Gobiernoy1930-1961 4aRepública DominicanaxPolítica y Gobiernoy1961-